000 00239nam a2200097Ia 4500
001 752371
005 20250826164702.0
008 250824s9999 xx 000 0 und d
245 0 _aBAŞARI OKULU
_cÖZGÜR GEZ
260 _bATLIKARINCA YAYINLARI
999 _c752371
_d752371